000 00734nam a22001817a 4500
003 UA-OsUOA
001 18909
007 ta
008 20040618b un ||||| |||| 00| 0 ukr d
100 _aХмель В.
942 _cSA
040 _aUA-OsUOA
_cUA-OsUOA
_dUA-OsUOA
245 _aВабить літо веселкове
_b[Дит. спеціаліз. санатор.-оздоров. комплекс "Веселка", що знаходиться неподалік Радивилова, відзначив свій 25-річний ювілей]
300 _aС.2
955 _a0
773 0 _w0
_tПрапор перемоги
_dРадивилів
_d2004
_g№43/2 черв./
650 7 _aКраєзнавча робота
_2UDC
999 _c305080
_d305080